000 00317nam a2200121Ia 4500
008 190216s9999||||xx |||||||||||||| ||und||
100 _aHolder Ness A & John Lambert
245 0 _aNew Certificate Chemistry
260 _bHeinemann Educational Books Ltd
_c1970
300 _a542p
650 _aChemistry
942 _cBK
999 _c2002
_d2002